Капиталът срещу капитализма (Запис номер 174372)
[ съкратено ]
| 000 -Лидер | |
|---|---|
| Контролно поле с фиксирана дължина | 02258nam a2200433 c 4500 |
| 003 - Код на организацията, давaща контролен номер | |
| Контролно поле | BLK |
| 005 - Дата и час на последна редакция | |
| Контролно поле | 20180422114641.0 |
| 008 - Елементи от данни с фиксирана дължина | |
| fixed length control field | 180411b bul|||||r ||||||| ||bul|| |
| 010 ## - Наследен системен номер | |
| LC control number | KNG00182847000 |
| 040 ## - Източник на каталожния запис | |
| Идентификатор на билиотеката - собственик на записа | BLK |
| 041 ## - Код за език | |
| Код за езика на текст/звукозапис или на отделно заглавие | Български |
| Код за езика КДБФ | Български |
| 072 #7 - Код за тематичната категория | |
| Код организация | bullib |
| Код за тематична категория | Н33 |
| Текст | Икономика Н |
| 080 ## - УДК | |
| Текстов определител УДК | Стопански кризи. Депресии |
| УДК код - определител по УДК | 338.124.4 |
| УДК определител | |
| УДК - код + определител | 338.124.4 |
| 080 ## - УДК | |
| Текстов определител УДК | Международни икономически отношения. Външностопанска политика. Световно стопанство |
| УДК код - определител по УДК | 339.9 |
| УДК определител | |
| УДК - код + определител | 339.9 |
| 080 ## - УДК | |
| Текстов определител УДК | Икономическа политика. Стопанско ръководство. Управление на стопанство. Стопанско планиране. |
| УДК код - определител по УДК | 338.2 |
| УДК определител | |
| УДК - код + определител | 338.2 |
| 100 1# - Редна дума - Автор | |
| Автор | Попов, Никола Григоров |
| Авторска отговорност | първи автор |
| R(LIN) | 369041 |
| 139 ## - Редно поле | |
| Редна дума | Попов, Никола Григоров |
| Авторски знак | Попов - П 76 |
| 245 10 - Сведения за заглавието | |
| Заглавие | Капиталът срещу капитализма |
| Подзаглавни данни | Кн. 1 - За том: Ще успее ли американския модел |
| Редно поле (дума) | Никола Григоров Попов. |
| Том | Кн. 2 |
| Заглавие на том | От глобализъм към империализъм |
| 250 ## - Област на изданието | |
| Сведения за изданието | 2. прераб. и доп. изд. |
| 257 ## - Страна на издаване | |
| Страна на създаване/издаване | България |
| 260 ## - Област на издателските данни | |
| -- | София |
| Година на издаване | 2007 - |
| Печатница | София : Вулкан-4 |
| 300 ## - Физическа характеристика | |
| Размери/Мащаб | 20 см |
| 380 ## - Жанр | |
| Жанр | Обществени науки |
| 650 #4 - Допълнително описание по предмет – тема | |
| Основно описание – тема или топоним | Капитализъм - кризи |
| 9 (RLIN) | 304770 |
| 650 #4 - Допълнително описание по предмет – тема | |
| Основно описание – тема или топоним | Стопански кризи |
| 9 (RLIN) | 277610 |
| 650 #4 - Допълнително описание по предмет – тема | |
| Основно описание – тема или топоним | Световно стопанство |
| 9 (RLIN) | 251664 |
| 650 #4 - Допълнително описание по предмет – тема | |
| Основно описание – тема или топоним | Глобализация |
| 9 (RLIN) | 152211 |
| 653 ## - Ключова дума – ненормативна | |
| Ключова дума | капитализъм |
| 653 ## - Ключова дума – ненормативна | |
| Ключова дума | стопански кризи |
| 653 ## - Ключова дума – ненормативна | |
| Ключова дума | световно стопанство |
| 653 ## - Ключова дума – ненормативна | |
| Ключова дума | глобализация |
| 659 ## - Тематичен бюлетин | |
| Тематичен бюлетин | Н |
| 760 1# - Описание на основната серия | |
| Редна дума на основното описание | Попов, Никола Григоров |
| Издание | 2. прераб. и доп. изд. |
| Място на издаване, издател и година | 2010 |
| Страници - том | 592 с. |
| Забележка - том | 1. изд. 2006 на изд. Комливес - ЛМ - Любомир Минковски. - Рез. на рус., англ. |
| Заглавие | Кн. 2 От глобализъм към империализъм |
| 852 ## - Местоположение | |
| Форматна сигнатура | Цб 238139 |
| 856 4# - Електронен адрес и достъп | |
| Електронен формат | pdf - файл |
| Път до файла /url/ | |
| 856 4# - Електронен адрес и достъп | |
| Електронен формат | pdf - файл |
| Път до файла /url/ | |
| 942 ## - АРТИКУЛИ | |
| Вид на библиотечния материал | Книги |
| Скрит в OPAC | Не |
| 944 ## - СЪЗДАВАНЕ И РЕДАКЦИЯ на ЗАПИСА | |
| Създаване/Редакция | Създаване |
| Дата на регистрацията/редакция | 29.09.2015 |
| Статус, дата на статуса | ф / |
| Служител, извършил регистрацията/редакцията | Виолета_Тройчева |
| 944 ## - СЪЗДАВАНЕ И РЕДАКЦИЯ на ЗАПИСА | |
| Създаване/Редакция | Редакция |
| Дата на регистрацията/редакция | 20.11.2015 |
| Статус, дата на статуса | ф / |
| Служител, извършил регистрацията/редакцията | Людмила_Стоянова |
| 999 ## - СИСТЕМНИ КОНТРОЛНИ НОМЕРА | |
| Koha biblionumber | 174372 |
| Koha biblioitemnumber | 174372 |
| Код за отписване | Код за изгубен артикул | Код за повреда | Коз за рестрикции | Код за отдаване | Артикулен № | Име на библиотеката - собственик | Име на библиотеката, в която се намира в момента | Статус (Текущо местоположение) | Дата на вписване в системата | Местоположение - отдел | Цена в лева | Инвентарен номер | Систематично азбучна сигнатура | Баркод | Номер на екземпляра | Цена в евро | Служебна бележка | Служебен тип на артикула |
|---|---|---|---|---|---|---|---|---|---|---|---|---|---|---|---|---|---|---|
| Не е изгубен | Не е повреден | без рестрикции | заемане за дома | 299154 | Регионална библиотека "Любен Каравелов" Русе | Регионална библиотека "Любен Каравелов" Русе | Заемна - подръчен фонд | 2015-09-29 | Заемна - подръчен фонд | 28.00 | 120000793128 | П 338/П 76 | 120000793128 | 1 | 14.32 | Дост: DA Вид: А N: 19 Дата: 29.09.2015 Дата инв: 05.02.2018 Бележки инв: П2018 | Книги |